<?xml version="1.0" encoding="UTF-8"?>
<collection xmlns="http://www.loc.gov/MARC21/slim">
 <record>
  <leader>00912nam a2200157Ia 4500</leader>
  <controlfield tag="001">UIH_08529</controlfield>
  <controlfield tag="008">241002s9999    xx            000 0 und d</controlfield>
  <datafield tag="082" ind1=" " ind2=" ">
   <subfield code="a"> 660.6</subfield>
  </datafield>
  <datafield tag="100" ind1=" " ind2=" ">
   <subfield code="a"> Nghiên cứu tạo tế bào E.coli biểu hiện kháng thể bán phần chuỗi đơn CB6 kháng virus Sars-CoV-2 : Luận văn thạc sĩ - Chuyên ngành: Công nghệ Sinh học</subfield>
  </datafield>
  <datafield tag="100" ind1=" " ind2=" ">
   <subfield code="a"> Nguyễn, Văn Đoán</subfield>
  </datafield>
  <datafield tag="245" ind1=" " ind2="0">
   <subfield code="a"> Nghiên cứu tạo tế bào E.coli biểu hiện kháng thể bán phần chuỗi đơn CB6 kháng virus Sars-CoV-2 : Luận văn thạc sĩ - Chuyên ngành: Công nghệ Sinh học</subfield>
  </datafield>
  <datafield tag="260" ind1=" " ind2=" ">
   <subfield code="b"> Đại học Công nghiệp TP. Hồ Chí Minh</subfield>
  </datafield>
  <datafield tag="260" ind1=" " ind2=" ">
   <subfield code="c"> 2023</subfield>
  </datafield>
  <datafield tag="650" ind1=" " ind2=" ">
   <subfield code="a">Công nghệ sinh học</subfield>
  </datafield>
  <datafield tag="927" ind1=" " ind2=" ">
   <subfield code="a">Luận văn</subfield>
  </datafield>
  <datafield tag="980" ind1=" " ind2=" ">
   <subfield code="a">Trung tâm Thư viện - Trường Đại học Công nghiệp TP. Hồ Chí Minh</subfield>
  </datafield>
 </record>
</collection>
